[Event "tm FRA 1st"]
[Site "France"]
[Date "1999.??.??"]
[Round "9"]
[White "Dacalor, Aurelie"]
[Black "Franc, Nathalie"]
[Result "0-1"]
[WhiteElo "2105"]
[BlackElo "1940"]
[Annotator "Le Mans-Nancy"]
[PlyCount "202"]
[EventDate "1999.??.??"]

1. d4 Nf6 2. c4 e6 3. Nc3 Bb4 4. Bg5 h6 5. Bxf6 Bxc3+ 6. bxc3 Qxf6 7. Qc2 d6 8.
e3 e5 9. Rd1 O-O 10. Nf3 Nc6 11. Be2 b6 12. O-O Bb7 13. Nd2 Na5 14. d5 Ba6 15.
f4 Qe7 16. f5 f6 17. Qe4 Nb7 18. Qh4 Nd8 19. Bh5 Nf7 20. e4 Rac8 21. Rf3 Kh8
22. Qf2 c6 23. h4 Qc7 24. Re1 Nd8 25. g4 cxd5 26. cxd5 Qe7 27. Rg3 Nf7 28. Qh2
Bb5 29. Ree3 Rc7 30. Bg6 Kg8 31. g5 fxg5 32. hxg5 Nxg5 33. Nf3 Nxf3+ 34. Rexf3
Rf6 35. Qh5 Be2 36. Be8 Bxf3 37. Rxf3 Rc8 38. Bc6 Qf7 39. Qh3 Kf8 40. c4 Rc7
41. a4 h5 42. Kf2 Rh6 43. Rg3 Qf6 44. Ke2 Ke7 45. Qg2 Kf7 46. Rg5 h4 47. Rg6
Rxg6 48. fxg6+ Ke7 49. Qg4 h3 50. Qxh3 Qxg6 51. Qh4+ Kf7 52. Qh3 Qxe4+ 53. Kf2
Qf4+ 54. Ke1 Qc1+ 55. Kf2 Qc2+ 56. Ke1 Qg6 57. Kd1 Re7 58. Bd7 Qb1+ 59. Kd2
Qb2+ 60. Kd1 Qb1+ 61. Ke2 Qe4+ 62. Kd1 Qg6 63. Qf3+ Qf6 64. Qh3 e4 65. Be6+
Rxe6 66. dxe6+ Qxe6 67. Qh5+ Ke7 68. Qh4+ Kd7 69. Qg5 Qe5 70. Qg4+ Kc7 71. Qg6
Qa1+ 72. Kd2 Qxa4 73. Qxg7+ Qd7 74. Qf6 d5 75. Qe5+ Qd6 76. Qg7+ Kc6 77. cxd5+
Qxd5+ 78. Ke1 a5 79. Qf6+ Kc5 80. Qe7+ Kc4 81. Qc7+ Qc5 82. Qf7+ Kb4 83. Qg6 e3
84. Qb1+ Ka4 85. Qd1+ Kb5 86. Qe2+ Kc6 87. Qf3+ Kc7 88. Qf7+ Kc6 89. Qe6+ Kb5
90. Qe8+ Kb4 91. Qe4+ Qc4 92. Qb1+ Qb3 93. Qe4+ Ka3 94. Ke2 b5 95. Qe7+ b4 96.
Qa7 a4 97. Qh7 Qc3 98. Kf3 b3 99. Qe7+ Ka2 100. Qe6 Qd2 101. Qc4 a3 0-1

[Event "tm FRA 1st"]
[Site "France"]
[Date "1999.??.??"]
[Round "10"]
[White "Lautier, Joel"]
[Black "Koch, Jean-Rene"]
[Result "1/2-1/2"]
[WhiteElo "2596"]
[BlackElo "2485"]
[Annotator "Clichy-Mulhouse"]
[PlyCount "51"]
[EventDate "1999.??.??"]

1. d4 Nf6 2. c4 c5 3. d5 b5 4. cxb5 a6 5. b6 e6 6. Nc3 Nxd5 7. Nxd5 exd5 8.
Qxd5 Nc6 9. Nf3 Rb8 10. e4 Be7 11. Bc4 O-O 12. O-O Na5 13. Bd3 Rxb6 14. Qh5 d5
15. exd5 g6 16. Qh6 Qxd5 17. Re1 Re6 18. Rxe6 Bxe6 19. Ng5 Bxg5 20. Bxg5 Qd4
21. Bd2 Qxd3 22. Bxa5 Bxa2 23. Re1 Qd6 24. h4 f6 25. Bc3 Bf7 26. Re4 1/2-1/2

[Event "tm FRA 1st"]
[Site "France"]
[Date "1999.??.??"]
[Round "10"]
[White "Baklan, Vladimir"]
[Black "Degraeve, Jean-Marc"]
[Result "1/2-1/2"]
[WhiteElo "2552"]
[BlackElo "2536"]
[Annotator "Mulhouse-Clichy"]
[PlyCount "65"]
[EventDate "1999.??.??"]

1. e4 c5 2. Nf3 Nc6 3. c3 Nf6 4. e5 Nd5 5. Na3 a6 6. Nc4 b5 7. Ne3 e6 8. Nxd5
exd5 9. d4 d6 10. exd6 Bxd6 11. dxc5 Bxc5 12. Bd3 Qe7+ 13. Qe2 Qxe2+ 14. Kxe2
Bg4 15. h3 Bxf3+ 16. gxf3 O-O 17. b4 Rfe8+ 18. Be3 Bxe3 19. fxe3 Rac8 20. Rhc1
Ne5 21. a4 Nc4 22. Bxc4 Rxc4 23. axb5 axb5 24. Kd3 Rh4 25. Rh1 g5 26. Rag1 h6
27. Rg4 Rh5 28. Rd4 Re5 29. Ke2 Kg7 30. Kf2 Kf6 31. f4 gxf4 32. exf4 Re6 33.
Kf3 1/2-1/2

[Event "tm FRA 1st"]
[Site "France"]
[Date "1999.??.??"]
[Round "10"]
[White "Hebden, Mark"]
[Black "Sokolov, Andrei"]
[Result "1/2-1/2"]
[WhiteElo "2556"]
[BlackElo "2567"]
[Annotator "Clichy-Mulhouse"]
[PlyCount "56"]
[EventDate "1999.??.??"]

1. d4 Nf6 2. Nf3 e6 3. c3 b6 4. Bg5 Ba6 5. Nbd2 Be7 6. e4 Bxf1 7. Rxf1 O-O 8.
Qe2 d5 9. O-O-O c5 10. dxc5 Nc6 11. Rfe1 bxc5 12. exd5 Nxd5 13. Bxe7 Ncxe7 14.
Nc4 Rb8 15. Nfe5 Qc7 16. g3 Qb7 17. Rd3 Qa6 18. a3 Ng6 19. Nxg6 hxg6 20. Ne5 c4
21. Rf3 Rb3 22. Qxc4 Qb7 23. Re2 Rb8 24. Qc6 Rxb2 25. Qxb7 R2xb7 26. Rc2 f6 27.
Nxg6 Rb3 28. Nf4 Nxf4 1/2-1/2

[Event "tm FRA 1st"]
[Site "France"]
[Date "1999.??.??"]
[Round "10"]
[White "Marzolo, Cyril"]
[Black "Nataf, Igor-Alexandre"]
[Result "1/2-1/2"]
[WhiteElo "2435"]
[BlackElo "2475"]
[Annotator "Mulhouse-Clichy"]
[PlyCount "36"]
[EventDate "1999.??.??"]

1. d4 Nf6 2. c4 g6 3. Nc3 Bg7 4. e4 d6 5. f3 O-O 6. Bg5 c5 7. d5 e6 8. Qd2 h6
9. Be3 exd5 10. exd5 a6 11. a4 Re8 12. Nge2 Nbd7 13. Nc1 Ne5 14. Be2 h5 15. O-O
Nh7 16. Rb1 f5 17. b4 b6 18. N1a2 g5 1/2-1/2

[Event "tm FRA 1st"]
[Site "France"]
[Date "1999.??.??"]
[Round "10"]
[White "Relange, Eloi"]
[Black "Herb, Pascal"]
[Result "1/2-1/2"]
[WhiteElo "2478"]
[BlackElo "2356"]
[Annotator "Clichy-Mulhouse"]
[PlyCount "48"]
[EventDate "1999.??.??"]

1. c4 Nf6 2. Nc3 c5 3. g3 e6 4. Nf3 d5 5. cxd5 exd5 6. d4 Be7 7. Bg2 O-O 8. O-O
Na6 9. Be3 b6 10. Ne5 Bb7 11. Rc1 Re8 12. Qa4 Bd6 13. Nc4 Bf8 14. Rfd1 Qc8 15.
Ne5 Qe6 16. Nd3 Nb4 17. dxc5 Nxd3 18. Rxd3 bxc5 19. Rcd1 Bc6 20. Qa6 Rab8 21.
Bg5 Ne4 22. Nxe4 dxe4 23. R3d2 Rb4 24. b3 c4 1/2-1/2

[Event "tm FRA 1st"]
[Site "France"]
[Date "1999.??.??"]
[Round "10"]
[White "Roser, Kevin"]
[Black "Apicella, Manuel"]
[Result "1/2-1/2"]
[WhiteElo "2319"]
[BlackElo "2515"]
[Annotator "Mulhouse-Clichy"]
[PlyCount "109"]
[EventDate "1999.??.??"]

1. e4 c5 2. Nf3 Nc6 3. Nc3 g6 4. d4 cxd4 5. Nxd4 Bg7 6. Nb3 Nf6 7. Be2 O-O 8.
O-O a5 9. a4 d6 10. Re1 Be6 11. Bf1 Bxb3 12. cxb3 Rc8 13. Bg5 h6 14. Be3 Nb4
15. Rc1 e6 16. Bd4 d5 17. exd5 Nfxd5 18. Bc4 Bxd4 19. Qxd4 Nxc3 20. Qxd8 Rfxd8
21. bxc3 Nd3 22. Bxd3 Rxd3 23. b4 b6 24. g3 Rc4 25. bxa5 bxa5 26. Re5 Rxa4 27.
c4 Rd6 28. Rb5 Rc6 29. c5 g5 30. Rd1 Rc7 31. Rd8+ Kg7 32. Ra8 Ra1+ 33. Kg2 a4
34. Rba5 Rc1 35. Rxa4 R7xc5 36. h4 Rd5 37. hxg5 hxg5 38. R8a5 Kf6 39. Ra1 Rc6
40. R5a4 Rcc5 41. R1a3 Kg6 42. g4 Rc1 43. Ra1 Rc2 44. R1a2 Rc7 45. Ra7 Rc4 46.
R7a4 Rf4 47. Rxf4 gxf4 48. Kf3 e5 49. Ra8 Rd4 50. Rg8+ Kf6 51. Re8 Ra4 52. Rb8
Ra3+ 53. Ke4 Kg5 54. Rg8+ Kh4 55. Rg7 1/2-1/2

[Event "tm FRA 1st"]
[Site "France"]
[Date "1999.??.??"]
[Round "10"]
[White "Conquest, Stuart"]
[Black "Riff, Sebastien"]
[Result "1-0"]
[WhiteElo "2488"]
[BlackElo "2225"]
[Annotator "Clichy-Mulhouse"]
[PlyCount "63"]
[EventDate "1999.??.??"]

1. e4 c5 2. Nf3 e6 3. d3 Nc6 4. g3 d5 5. Qe2 Nge7 6. Bg2 g6 7. h4 dxe4 8. dxe4
e5 9. c3 Bg4 10. Na3 h6 11. Be3 Nc8 12. Rd1 Qc7 13. O-O b6 14. Qa6 Nd6 15. b4
Qb7 16. Qd3 Rd8 17. b5 Na5 18. Nxe5 Bxd1 19. Rxd1 Qe7 20. Nc6 Nxc6 21. bxc6 Nc8
22. Qe2 Bg7 23. Rxd8+ Qxd8 24. e5 O-O 25. f4 f6 26. Nc4 Ne7 27. Bf2 Qc7 28.
exf6 Rxf6 29. Ne5 Re6 30. Qc4 Qd6 31. Bh3 Nf5 32. c7 1-0

[Event "tm FRA 1st"]
[Site "France"]
[Date "1999.??.??"]
[Round "10"]
[White "Riff, Jean-Noel"]
[Black "Renet, Olivier"]
[Result "0-1"]
[WhiteElo "2107"]
[BlackElo "2500"]
[Annotator "Mulhouse-Clichy"]
[PlyCount "90"]
[EventDate "1999.??.??"]

1. d4 e6 2. Nf3 c5 3. c3 d5 4. Bf4 Bd6 5. Bg3 Nf6 6. Nbd2 cxd4 7. cxd4 Ne4 8.
Bxd6 Qxd6 9. e3 f5 10. Be2 O-O 11. O-O Nc6 12. Rc1 Bd7 13. Ne1 Rac8 14. Nd3 Rc7
15. Nb1 Rfc8 16. f3 Nf6 17. Qd2 Nd8 18. Na3 Nf7 19. Nc5 b6 20. Nxd7 Qxd7 21.
Bb5 Qe7 22. Ba6 Rxc1 23. Rxc1 Rxc1+ 24. Qxc1 g5 25. Nb5 Ne8 26. Qc6 Kg7 27. a3
Nfd6 28. Nxd6 Nxd6 29. Bd3 Kf7 30. h3 h5 31. Qa8 Kg7 32. Qc6 Kf7 33. Qa8 Kg7
34. Qc6 Qd8 35. Ba6 Kf6 36. Bd3 Ke7 37. Ba6 Qd7 38. Qa8 b5 39. Qb8 g4 40. hxg4
hxg4 41. b3 g3 42. a4 Qc6 43. Bxb5 Qc1+ 44. Bf1 Qxe3+ 45. Kh1 Qh6+ 0-1

[Event "tm FRA 1st"]
[Site "France"]
[Date "1999.??.??"]
[Round "10"]
[White "Leconte, Maria"]
[Black "Muller, Anne"]
[Result "1-0"]
[WhiteElo "2315"]
[BlackElo "2110"]
[Annotator "Clichy-Mulhouse"]
[PlyCount "95"]
[EventDate "1999.??.??"]

1. e4 c5 2. Nf3 d6 3. d4 cxd4 4. Nxd4 Nf6 5. Nc3 Nc6 6. Nb3 e6 7. g3 Be7 8. Bg2
O-O 9. O-O a6 10. a4 Rb8 11. Qe2 b6 12. Be3 Qc7 13. f4 Bb7 14. g4 Nb4 15. g5
Nd7 16. Rf2 Rfe8 17. Raf1 Bf8 18. Qg4 d5 19. f5 Ne5 20. Qh3 exf5 21. exf5 Rbd8
22. Bd4 Rd7 23. f6 g6 24. Re2 Nbc6 25. Bf2 d4 26. Ne4 d3 27. cxd3 Rxd3 28. Re3
Red8 29. Nc1 Rxe3 30. Bxe3 Nd4 31. Bf4 Nf5 32. Re1 b5 33. Nf2 Bxg2 34. Qxg2 Bd6
35. Bxe5 Bxe5 36. Ncd3 Bd6 37. axb5 axb5 38. Rc1 Qb6 39. Qe4 Qb8 40. Ng4 Re8
41. Qd5 Bf4 42. Rd1 Bxg5 43. Nde5 Qa7+ 44. Kh1 h5 45. Nc6 Qa8 46. Nge5 Nh6 47.
Rg1 Rxe5 48. Ne7+ 1-0

[Event "tm FRA 1st"]
[Site "France"]
[Date "1999.??.??"]
[Round "10"]
[White "Hamdouchi, Hichem"]
[Black "Tkachiev, Vladislav"]
[Result "1/2-1/2"]
[WhiteElo "2564"]
[BlackElo "2634"]
[Annotator "Montpellier-Cannes"]
[PlyCount "33"]
[EventDate "1999.??.??"]

1. e4 d5 2. exd5 Qxd5 3. Nc3 Qa5 4. d4 Nf6 5. Bc4 Bg4 6. Nge2 Nc6 7. f3 Bh5 8.
Bd2 O-O-O 9. Nd5 Qa4 10. Bb3 Qa6 11. Nxf6 gxf6 12. d5 Na5 13. Nf4 Bg6 14. Qe2
Qxe2+ 15. Kxe2 Nxb3 16. axb3 a6 17. c4 1/2-1/2

[Event "tm FRA 1st"]
[Site "France"]
[Date "1999.??.??"]
[Round "10"]
[White "Anic, Darko"]
[Black "Flear, Glenn"]
[Result "1/2-1/2"]
[WhiteElo "2464"]
[BlackElo "2484"]
[Annotator "Cannes-Montpellier"]
[PlyCount "127"]
[EventDate "1999.??.??"]

1. c4 e6 2. g3 d5 3. Bg2 Nf6 4. Nf3 Be7 5. O-O O-O 6. d4 Nbd7 7. Qc2 c6 8. Nc3
dxc4 9. e4 e5 10. Ne2 Bd6 11. Qxc4 Qe7 12. Qc2 Re8 13. Nc3 exd4 14. Nxd4 Ne5
15. h3 Rd8 16. Rd1 Bc5 17. Nb3 Rxd1+ 18. Nxd1 Bb6 19. Be3 Be6 20. Qc3 Bxb3 21.
Qxb3 Rd8 22. Bxb6 axb6 23. Ne3 Qc5 24. Rd1 Rxd1+ 25. Qxd1 g6 26. Qd2 Kg7 27. b3
Qb5 28. Qb2 Qc5 29. b4 Qe7 30. Qc3 Kg8 31. f4 Ned7 32. e5 Ne8 33. b5 cxb5 34.
Bxb7 b4 35. Qd4 Qc5 36. Qxc5 Nxc5 37. Bc6 Nc7 38. Nc4 b3 39. axb3 Nxb3 40. Nxb6
Nd4 41. Be4 Kf8 42. Nd7+ Ke7 43. Nf6 h5 44. Kf2 Nde6 45. Ke3 Ng7 46. Bd3 Nge8
47. Nh7 Ng7 48. g4 hxg4 49. hxg4 Nge8 50. Bc4 Ng7 51. Ke4 Nge8 52. Bf1 Ne6 53.
f5 gxf5+ 54. gxf5 Nc5+ 55. Kd4 Nb3+ 56. Kc3 Nc5 57. Bb5 Nd7 58. Kd4 f6 59. Bxd7
Kxd7 60. Nxf6+ Nxf6 61. exf6 Ke8 62. Kd5 Kf7 63. Ke5 Kf8 64. Ke6 1/2-1/2

[Event "tm FRA 1st"]
[Site "France"]
[Date "1999.??.??"]
[Round "10"]
[White "Gallagher, Joseph"]
[Black "Prie, Eric"]
[Result "1-0"]
[WhiteElo "2519"]
[BlackElo "2467"]
[Annotator "Cannes-Montpellier"]
[PlyCount "59"]
[EventDate "1999.??.??"]

1. e4 c5 2. Nf3 g6 3. d4 cxd4 4. Nxd4 Nc6 5. c4 Nf6 6. Nc3 d6 7. Be2 Bg7 8. Be3
O-O 9. O-O a6 10. Qd2 Nxd4 11. Bxd4 Be6 12. f4 Rb8 13. Qe3 Re8 14. h3 Qc8 15.
Rac1 Bxc4 16. Nd1 b5 17. b3 e5 18. fxe5 dxe5 19. Ba7 Rb7 20. bxc4 bxc4 21. Bb6
Rxb6 22. Qxb6 Nxe4 23. Qe3 Nc5 24. Nf2 e4 25. Rcd1 f5 26. Rd5 Bf8 27. g4 f4 28.
Qxf4 Ne6 29. Qe3 Qc7 30. Nxe4 1-0

[Event "tm FRA 1st"]
[Site "France"]
[Date "1999.??.??"]
[Round "10"]
[White "Fressinet, Laurent"]
[Black "Chabanon, Jean-Luc"]
[Result "1-0"]
[WhiteElo "2424"]
[BlackElo "2468"]
[Annotator "Montpellier-Cannes"]
[PlyCount "40"]
[EventDate "1999.??.??"]

1. e4 d6 2. d4 Nf6 3. Nc3 g6 4. Nf3 Bg7 5. Be3 Nc6 6. d5 Nb8 7. Qd2 a6 8. Bh6
O-O 9. h4 e5 10. dxe6 Bxe6 11. Be2 b5 12. Bxg7 Kxg7 13. h5 Nxh5 14. Nd4 c5 15.
Nf5+ Bxf5 16. exf5 Nf6 17. Qh6+ Kh8 18. g4 Re8 19. g5 Nh5 20. O-O-O Re5 1-0

[Event "tm FRA 1st"]
[Site "France"]
[Date "1999.??.??"]
[Round "10"]
[White "Rainfray, Arnaud"]
[Black "Touzane, Olivier"]
[Result "0-1"]
[WhiteElo "2322"]
[BlackElo "2378"]
[Annotator "Cannes-Montpellier"]
[PlyCount "92"]
[EventDate "1999.??.??"]

1. e4 e6 2. d4 d5 3. Nc3 Nf6 4. Bg5 dxe4 5. Nxe4 Be7 6. Bxf6 gxf6 7. Qd3 b6 8.
O-O-O Bb7 9. Nc3 c6 10. Qg3 Kf8 11. Qh3 h6 12. Bc4 Qd6 13. Nge2 b5 14. Ne4 Qc7
15. Bb3 Nd7 16. f4 f5 17. Ng5 Bxg5 18. fxg5 Qd8 19. g6 Qg5+ 20. Kb1 Qxg6 21.
Rhf1 Nf6 22. Nf4 Qg4 23. Qe3 Re8 24. Qe5 Qg7 25. Qc7 Ba8 26. Rde1 Kg8 27. Qxa7
Kh7 28. Nd3 Rhf8 29. Re2 Ne4 30. c3 c5 31. dxc5 Rd8 32. Bc2 Bd5 33. Qc7 Bxa2+
34. Kc1 Bc4 35. Rd1 Ra8 36. Rxe4 fxe4 37. Nf4 Ra1+ 38. Bb1 Ba2 39. Kc2 Bxb1+
40. Rxb1 Rxb1 41. Kxb1 Qg4 42. Qd6 Ra8 43. Kc2 Qf5 44. Kb3 e3 45. Ne2 Qb1 46.
Qd4 Ra2 0-1

[Event "tm FRA 1st"]
[Site "France"]
[Date "1999.??.??"]
[Round "10"]
[White "Sorin, Maxime"]
[Black "Letreguilly, Olivier"]
[Result "1/2-1/2"]
[WhiteElo "2208"]
[BlackElo "2245"]
[Annotator "Cannes-Montpellier"]
[PlyCount "122"]
[EventDate "1999.??.??"]

1. e4 c5 2. Nf3 d6 3. d4 cxd4 4. Nxd4 Nf6 5. Nc3 a6 6. g3 Bg4 7. f3 Bd7 8. Be3
Nc6 9. Bg2 Rc8 10. Nxc6 Bxc6 11. O-O e6 12. a4 d5 13. e5 Nd7 14. f4 Bb4 15. f5
O-O 16. fxe6 fxe6 17. Qg4 Qe7 18. Bh3 Rce8 19. Rxf8+ Nxf8 20. Ne2 Ng6 21. Bd4
Bc5 22. Kh1 Bxd4 23. Nxd4 Qb4 24. Nxc6 Qxg4 25. Bxg4 bxc6 26. Re1 a5 27. Re3 d4
28. Re4 c5 29. Kg2 Nf8 30. Kf2 Nd7 31. Be2 Rf8+ 32. Ke1 Kf7 33. Bb5 Ke7 34. Ke2
Rf5 35. Bxd7 Kxd7 36. Kd3 Rf2 37. Rg4 g6 38. h4 Kc6 39. Rf4 Rg2 40. Rf7 Kd5 41.
Rd7+ Kc6 42. Rd6+ Kc7 43. Rxe6 Rxg3+ 44. Kc4 Rg2 45. Kxc5 Rxc2+ 46. Kxd4 Rxb2
47. Kc5 Kd7 48. Ra6 Rc2+ 49. Kd5 Rd2+ 50. Kc5 Rc2+ 51. Kb5 Re2 52. e6+ Rxe6 53.
Ra7+ Kd6 54. Kxa5 Re5+ 55. Kb6 Rh5 56. a5 Rxh4 57. a6 Rb4+ 58. Ka5 Rb1 59. Rxh7
Kc6 60. a7 Ra1+ 61. Kb4 Kb6 1/2-1/2

[Event "tm FRA 1st"]
[Site "France"]
[Date "1999.??.??"]
[Round "10"]
[White "Milliet, Sophie"]
[Black "Bramme, Emmanuelle"]
[Result "1-0"]
[WhiteElo "1880"]
[BlackElo "2049"]
[Annotator "Montpellier-Cannes"]
[PlyCount "35"]
[EventDate "1999.??.??"]

1. e4 c5 2. Nc3 Nc6 3. f4 d6 4. Nf3 g6 5. Bb5 Bg7 6. Bxc6+ bxc6 7. d3 Rb8 8.
O-O e6 9. Qe1 Ne7 10. e5 Nf5 11. Qf2 O-O 12. Ne4 dxe5 13. fxe5 Nd4 14. Kh1 Nxf3
15. Qxf3 Bxe5 16. Bg5 Qc7 17. Nf6+ Kg7 18. Bh6+ 1-0

[Event "tm FRA 1st"]
[Site "France"]
[Date "1999.??.??"]
[Round "10"]
[White "Miralles, Gilles"]
[Black "Bellon Lopez, Juan Manuel"]
[Result "1-0"]
[WhiteElo "2491"]
[BlackElo "2447"]
[Annotator "Monaco-Auxerre"]
[PlyCount "85"]
[EventDate "1999.??.??"]

1. e4 c5 2. Nf3 Nc6 3. Bb5 Qa5 4. Bxc6 bxc6 5. O-O g6 6. d3 Bg7 7. Nbd2 d6 8.
e5 dxe5 9. Re1 Qc7 10. Qe2 f6 11. Ne4 Nh6 12. Bxh6 Bxh6 13. Nxc5 O-O 14. Rad1
Qb6 15. d4 Kh8 16. h3 Re8 17. c3 exd4 18. cxd4 e5 19. Qc4 e4 20. Rxe4 Bf5 21.
Re2 Rxe2 22. Qxe2 g5 23. Qe7 Qd8 24. Re1 a5 25. Qb7 Qc8 26. Qf7 Qf8 27. Re7 Rb8
28. b3 Bg6 29. Qe6 Bf5 30. Qe2 Qd8 31. g4 Bf8 32. Rf7 Bxc5 33. gxf5 Bf8 34. Qe6
Bg7 35. Qxc6 Qc8 36. Qxc8+ Rxc8 37. Ra7 h5 38. Rxa5 g4 39. hxg4 hxg4 40. Nh2
Rc1+ 41. Kg2 Rd1 42. d5 Rd4 43. Rb5 1-0

[Event "tm FRA 1st"]
[Site "France"]
[Date "1999.??.??"]
[Round "10"]
[White "Boudre, Jean-Pierre"]
[Black "Rotstein, Arkadij"]
[Result "1/2-1/2"]
[WhiteElo "2389"]
[BlackElo "2493"]
[Annotator "Auxerre-Monaco"]
[PlyCount "87"]
[EventDate "1999.??.??"]

1. e4 c5 2. Nf3 e6 3. d4 cxd4 4. Nxd4 a6 5. Bd3 Bc5 6. Nb3 Be7 7. O-O d6 8. f4
Qc7 9. Qe2 Nd7 10. N1d2 Ngf6 11. Nf3 O-O 12. Bd2 e5 13. Kh1 Re8 14. a4 exf4 15.
Bxf4 Ne5 16. Nxe5 dxe5 17. Bg3 Bg4 18. Qf2 Rac8 19. h3 Bh5 20. a5 Bg6 21. Qf3
Nh5 22. Bh2 Nf4 23. Nd2 Nxd3 24. cxd3 f6 25. Nc4 Bc5 26. Rac1 Bd4 27. Qd1 Qd7
28. Qb3 Bf7 29. Bg3 Red8 30. Rfd1 Rc5 31. Qa3 Rdc8 32. b3 Qc7 33. Be1 Bh5 34.
g4 Bf7 35. Bb4 Rc6 36. Rc2 h5 37. Qa2 Qd7 38. Kg2 Be6 39. Kg3 hxg4 40. hxg4 Bf7
41. Rh1 Rd8 42. Rch2 Bg6 43. Rf1 Rxc4 44. Rxf6 1/2-1/2

[Event "tm FRA 1st"]
[Site "France"]
[Date "1999.??.??"]
[Round "10"]
[White "Nicoara, Malina"]
[Black "Lanzani, Mario"]
[Result "1/2-1/2"]
[WhiteElo "2245"]
[BlackElo "2393"]
[Annotator "Auxerre-Monaco"]
[PlyCount "26"]
[EventDate "1999.??.??"]

1. d4 Nf6 2. c4 e5 3. dxe5 Ne4 4. Nd2 Nc5 5. Ngf3 Nc6 6. Nb3 Nxb3 7. Qxb3 Bb4+
8. Bd2 Bxd2+ 9. Nxd2 Nxe5 10. g3 d6 11. Bg2 O-O 12. O-O a5 13. Qc3 Qe7 1/2-1/2

[Event "tm FRA 1st"]
[Site "France"]
[Date "1999.??.??"]
[Round "10"]
[White "Lebel, Julia"]
[Black "Huguet, Bernard"]
[Result "1/2-1/2"]
[WhiteElo "2073"]
[BlackElo "2127"]
[Annotator "Monaco-Auxerre"]
[PlyCount "125"]
[EventDate "1999.??.??"]

1. d4 c5 2. e3 e6 3. Nf3 Nf6 4. Bd3 d5 5. c3 Nc6 6. Nbd2 Bd6 7. O-O O-O 8. a4
Qe7 9. dxc5 Bxc5 10. e4 e5 11. h3 dxe4 12. Nxe4 Nxe4 13. Bxe4 f6 14. Qe2 Be6
15. b4 Bd6 16. Rd1 Rfd8 17. Ba3 Rac8 18. Rd2 a5 19. Rxd6 Rxd6 20. b5 Nd8 21.
Nh4 g6 22. Qc2 f5 23. Bd3 Nf7 24. g3 Qc7 25. Bxd6 Nxd6 26. Re1 Bc4 27. Ng2 Bxd3
28. Qxd3 Rd8 29. Qd5+ Nf7 30. Qa2 b6 31. Ne3 Qc5 32. Qc4 Qe7 33. Rd1 Rxd1+ 34.
Nxd1 Kg7 35. Ne3 Qd6 36. Nd5 e4 37. Qc6 Qe5 38. h4 g5 39. hxg5 Nxg5 40. Qc7+
Qxc7 41. Nxc7 Nf3+ 42. Kg2 Ne5 43. Nd5 Nc4 44. Ne3 Nb2 45. Nxf5+ Kf6 46. Ne3
Nxa4 47. c4 Ke5 48. Nc2 Kd6 49. Nd4 Nb2 50. f4 Nxc4 51. g4 Kd5 52. Nc2 a4 53.
g5 a3 54. Kg3 a2 55. Nb4+ Kd4 56. Nxa2 Nd6 57. Nc1 Nxb5 58. f5 Nd6 59. Kf4 b5
60. g6 hxg6 61. fxg6 Ne8 62. Nb3+ Kd5 63. Nd2 1/2-1/2

[Event "tm FRA 1st"]
[Site "France"]
[Date "1999.??.??"]
[Round "10"]
[White "Beikert, Guenther"]
[Black "Bezold, Michael"]
[Result "0-1"]
[WhiteElo "2440"]
[BlackElo "2503"]
[Annotator "Gonfreville-Noyon"]
[PlyCount "118"]
[EventDate "1999.??.??"]

1. g3 c5 2. Bg2 e6 3. Nf3 Nf6 4. O-O Be7 5. d3 d5 6. Nbd2 d4 7. e4 dxe3 8. fxe3
Nc6 9. Nc4 O-O 10. d4 Rb8 11. c3 Qe8 12. Nfe5 Nxe5 13. Nxe5 Nd7 14. Nxd7 Bxd7
15. e4 Bb5 16. Re1 cxd4 17. Qxd4 b6 18. Qf2 e5 19. Be3 Bd7 20. Rec1 Be6 21. a4
Qc6 22. a5 Rfd8 23. axb6 axb6 24. Ra6 Bc5 25. Bxc5 Qxc5 26. Qxc5 bxc5 27. Rb1
g6 28. b4 Rd3 29. b5 Rxc3 30. Bf1 c4 31. Ra4 Rb6 32. Ra6 Rxa6 33. bxa6 Ra3 34.
Rb6 Kf8 35. Rc6 Ke7 36. Bxc4 Bxc4 37. Rxc4 Rxa6 38. Rc2 g5 39. g4 Rf6 40. h3
Rf4 41. Rc4 h5 42. gxh5 Rh4 43. Kg2 Rxh5 44. Rc7+ Kf6 45. Rc6+ Kg7 46. Rc3 Rh4
47. Rg3 Kg6 48. Kf3 Rf4+ 49. Ke3 Kh5 50. Kd3 Kh4 51. Re3 Rf2 52. Kc4 Rd2 53.
Kc5 Rd4 54. Kc6 g4 55. hxg4 Kxg4 56. Kc5 Rd1 57. Ra3 Kf4 58. Ra7 Kxe4 59. Rxf7
Ke3 0-1

[Event "tm FRA 1st"]
[Site "France"]
[Date "1999.??.??"]
[Round "10"]
[White "Hauchard, Arnaud"]
[Black "Afek, Yochanan"]
[Result "0-1"]
[WhiteElo "2524"]
[BlackElo "2362"]
[Annotator "Gonfreville-Noyon"]
[PlyCount "86"]
[EventDate "1999.??.??"]

1. c4 Nf6 2. Nc3 c5 3. g3 g6 4. Bg2 Bg7 5. e3 O-O 6. Nge2 d6 7. O-O Nc6 8. d4
Bd7 9. h3 a6 10. b3 cxd4 11. exd4 Rb8 12. d5 Na5 13. Ba3 b5 14. cxb5 axb5 15.
Bb4 Nb7 16. Nd4 Nc5 17. Nce2 Qb6 18. Bd2 e5 19. dxe6 fxe6 20. b4 Na4 21. Be3
Qa6 22. Qb3 d5 23. Rac1 Rbc8 24. Nf3 Ne4 25. Bd4 Bxd4 26. Nexd4 Qd6 27. Qe3 Rc4
28. Rfe1 Rfc8 29. Bf1 Rc3 30. Rxc3 Naxc3 31. a3 e5 32. Nb3 d4 33. Qh6 Qf6 34.
Bg2 Bc6 35. Qh4 g5 36. Qg4 Rf8 37. h4 h6 38. hxg5 hxg5 39. Nc1 Nxf2 40. Kxf2 e4
41. Kg1 exf3 42. Re6 f2+ 43. Kh2 f1=N+ 0-1

[Event "tm FRA 1st"]
[Site "France"]
[Date "1999.??.??"]
[Round "10"]
[White "Neiman, Emmanuel"]
[Black "Eliet, Nicolas"]
[Result "0-1"]
[WhiteElo "2333"]
[BlackElo "2408"]
[Annotator "Noyon-Gonfreville"]
[PlyCount "60"]
[EventDate "1999.??.??"]

1. d4 g6 2. c4 Bg7 3. Nc3 c5 4. d5 Bxc3+ 5. bxc3 f5 6. h3 Qa5 7. Qd3 d6 8. g4
Nf6 9. Bg2 Nbd7 10. Nf3 Nb6 11. Bh6 Ne4 12. Ng5 Nxg5 13. Bxg5 Bd7 14. gxf5 gxf5
15. Bf3 h5 16. Rg1 Rh7 17. e4 O-O-O 18. exf5 Rf8 19. f6 exf6 20. Be3 Re7 21.
Kd2 Qa4 22. Be2 f5 23. Bf4 Rfe8 24. Bf1 Re4 25. Qg3 h4 26. Qg6 Rxf4 27. Rg2
Nxc4+ 28. Bxc4 Qxc4 29. f3 Qxd5+ 30. Kc2 Rxf3 0-1

[Event "tm FRA 1st"]
[Site "France"]
[Date "1999.??.??"]
[Round "10"]
[White "Gouret, Thierry"]
[Black "Neuillet, Alexandre"]
[Result "1-0"]
[WhiteElo "2296"]
[BlackElo "2210"]
[Annotator "Gonfreville-Noyon"]
[PlyCount "53"]
[EventDate "1999.??.??"]

1. e4 c5 2. Nf3 d6 3. d4 cxd4 4. Qxd4 Nc6 5. Bb5 Bd7 6. Bxc6 Bxc6 7. Nc3 Nf6 8.
Bg5 e6 9. O-O-O Be7 10. Rhe1 Qc7 11. Bxf6 gxf6 12. Nd5 Bxd5 13. exd5 e5 14. Qg4
Qd7 15. Qg7 O-O-O 16. Qxf7 f5 17. Qh5 Rdg8 18. g3 Bf6 19. Nd2 Rg4 20. h3 Ra4
21. Kb1 Kb8 22. g4 Rd8 23. Qxf5 Qc7 24. Qd3 Rd4 25. Qb3 a5 26. c3 Ra4 27. Qa3
1-0

[Event "tm FRA 1st"]
[Site "France"]
[Date "1999.??.??"]
[Round "10"]
[White "Solakian, Jerome"]
[Black "Desbonnes, Samy"]
[Result "1-0"]
[WhiteElo "2240"]
[BlackElo "2235"]
[Annotator "Noyon-Gonfreville"]
[PlyCount "57"]
[EventDate "1999.??.??"]

1. e4 c5 2. Nf3 d6 3. d4 cxd4 4. Nxd4 Nf6 5. Nc3 g6 6. Be3 Bg7 7. f3 O-O 8. Qd2
Nc6 9. O-O-O Nxd4 10. Bxd4 Be6 11. Kb1 Qc7 12. Nd5 Bxd5 13. exd5 Rfc8 14. Rc1
a6 15. g4 b5 16. g5 Nh5 17. Bxg7 Nxg7 18. h4 Qa7 19. h5 gxh5 20. Bd3 Rf8 21.
Rcg1 Kh8 22. Qf4 f5 23. g6 hxg6 24. Qh6+ Kg8 25. Qxg6 Qd4 26. Rxh5 Ra7 27. Qh7+
Kf7 28. Rxf5+ Ke8 29. Qg6+ 1-0

[Event "tm FRA 1st"]
[Site "France"]
[Date "1999.??.??"]
[Round "10"]
[White "Theon, Pierre"]
[Black "Carton, Camille"]
[Result "1/2-1/2"]
[WhiteElo "2145"]
[BlackElo "2217"]
[Annotator "Gonfreville-Noyon"]
[PlyCount "29"]
[EventDate "1999.??.??"]

1. d4 d5 2. e4 dxe4 3. Nc3 Nf6 4. f3 e3 5. Bxe3 e6 6. Bd3 Nbd7 7. Nge2 Be7 8.
Qd2 O-O 9. O-O-O c5 10. dxc5 Qa5 11. Kb1 Bxc5 12. Nd4 Bb4 13. Nb3 Bxc3 14. Nxa5
Bxd2 15. Rxd2 1/2-1/2